Numerical methods for engineers and scientists (Record no. 370)

MARC details
000 -LEADER
Fixed length control field 00462nam a22001817a 4500
003 - CONTROL NUMBER IDENTIFIER
Control field SEACOMMC
005 - DATE AND TIME OF LATEST TRANSACTION
Control field 20231110052734.0
008 - FIXED-LENGTH DATA ELEMENTS--GENERAL INFORMATION
Fixed length control field 231110b |||||||| |||| 00| 0 eng d
020 ## - INTERNATIONAL STANDARD BOOK NUMBER / ISBN
Price Rs. 295.00
040 ## - CATALOGING SOURCE
Original cataloging agency SEACOMMC
082 ## - DEWEY DECIMAL CLASSIFICATION NUMBER
Classification number 518.6
Book Number SHA
100 1# - MAIN ENTRY--PERSONAL NAME
Personal name Sharma, J.N.
245 1# - TITLE STATEMENT
Title Numerical methods for engineers and scientists
Statement of responsibility J.N. Sharma
260 ## - IMPRINT
Place of publication New Delhi
Name of publisher Narosa
Date of publication 2004
650 ## - SUBJECT ADDED ENTRY--TOPICAL TERM
Topical term Mathematics
650 ## - SUBJECT ADDED ENTRY--TOPICAL TERM
Topical term Numerical analysis
942 ## - ADDED ENTRY ELEMENTS (KOHA)
Koha item type Books
Holdings
Withdrawn status Lost status Source of classification Damaged status Not for loan Home library Current library Date acquired Total Checkouts Call number Accession number Date last seen Price effective from Koha item type
    Dewey Decimal Classification     SEACOM MANAGEMENT COLLEGE SEACOM MANAGEMENT COLLEGE 27/09/2006   518.6 SHA 05580 10/11/2023 10/11/2023 Books
© Seacom Engineering College, All rights reserved.    Powered by Koha